| 000 | 00637nam a2200205Ia 4500 | ||
|---|---|---|---|
| 003 | GCL | ||
| 005 | 20240530104655.0 | ||
| 008 | 140319s9999 xx 000 0 ara d | ||
| 040 |
_aGCL / _cGCL |
||
| 082 | 0 | 4 |
_aق _b953.0738 _bع ت |
| 100 | 1 | _aعلى ابراهيم حسن | |
| 245 | 1 | 0 |
_aتاريخ جوهر الصقلى : قائد المعز لدين الله الفاطمى / _cعلى ابراهيم حسن |
| 300 | _a128 ص | ||
| 490 |
_aالهيئة العامة للاستعلامات _v0 |
||
| 650 | 0 | 4 | _aمصر |
| 650 | 0 | 4 | _aالتاريخ |
| 650 | 0 | 4 | _aالقاهرة |
| 650 | 0 | 4 | _aجوهر الصقلى |
| 942 |
_2ddc _cBK |
||
| 999 |
_c49719 _d49719 |
||